| 000 -LEADER |
| fixed length control field |
00763nam a22001337a 4500 |
| 040 ## - CATALOGING SOURCE |
| Transcribing agency |
RUA |
| 082 ## - DEWEY DECIMAL CLASSIFICATION NUMBER |
| Classification number |
FIS BRO 2016 B462 Or.1 |
| 100 ## - MAIN ENTRY--AUTHOR NAME |
| Personal name |
BRON MADY,ប្រន ម៉ាឌី |
| 245 ## - TITLE STATEMENT |
| Title |
snakehead fish pasth processing at phat sandi village, phat sandai commune, kampong svay district ,kampong thom province,បច្ចេកទេសធ្វើប្រហុកសាច់ត្រីរ៉ស់នៅភូមិផាត់សណ្តាយឃុំផាត់សណ្តាយ ស្រុកកំពង់ស្វាយ ខេត្តកំពង់ធំ |
| 260 ## - PUBLICATION, DISTRIBUTION, ETC. (IMPRINT) |
| Place of publication |
RUA |
| Name of publisher |
phnom penh |
| Year of publication |
RUA |
| 300 ## - PHYSICAL DESCRIPTION |
| Number of Pages |
xi;42p; |
| Other physical details |
ill; |
| Dimensions |
29cm; |
| 856 ## - ELECTRONIC LOCATION AND ACCESS |
| Uniform Resource Identifier |
https://drive.google.com/file/d/1ZeTElnmutdgL0v5YBX4Yyeh5zUsVNAK-/view?usp=sharing |
| 942 ## - ADDED ENTRY ELEMENTS (KOHA) |
| Koha item type |
FIS |
| 952 ## - LOCATION AND ITEM INFORMATION (KOHA) |
| Withdrawn status [LOCAL, KOHA] |
0 |
| 952 ## - LOCATION AND ITEM INFORMATION (KOHA) |
| Withdrawn status [LOCAL, KOHA] |
0 |
| 952 ## - LOCATION AND ITEM INFORMATION (KOHA) |
| Withdrawn status [LOCAL, KOHA] |
0 |
| 952 ## - LOCATION AND ITEM INFORMATION (KOHA) |
| Withdrawn status [LOCAL, KOHA] |
0 |
| 952 ## - LOCATION AND ITEM INFORMATION (KOHA) |
| Withdrawn status [LOCAL, KOHA] |
0 |
| 952 ## - LOCATION AND ITEM INFORMATION (KOHA) |
| Withdrawn status [LOCAL, KOHA] |
0 |